La vida en corto : un montón de cortas historias : Al fin, A cada cerdo le llega su San Martín, Cocó y Nicó, Con lujo de detalle, El quejido, El toro, Iridiscencia masculina, Fin de trayecto /
Guardat en:
| Altres autors: | , , , , , , , , , , |
|---|---|
| Format: | |
| Idioma: | espanyol |
| Matèries: | |
| Etiquetes: |
Sense etiquetes, Sigues el primer a etiquetar aquest registre!
|
MARC
| LEADER | 00000ngm^a2200000^a^4500 | ||
|---|---|---|---|
| 001 | 000326354 | ||
| 005 | 20250521000000.0 | ||
| 009 | 20260310113805.391 | ||
| 020 | |a 968-5042-45-4 | ||
| 037 | |a Acervo ITESO - Biblioteca | ||
| 041 | |a ESP | ||
| 082 | |a 860. |b VID V. 3 | ||
| 240 | 1 | 4 | |a [La vida en corto: cortometrajes] |
| 240 | 1 | 4 | |a [La vida en corto: un montón de cortas historias] |
| 245 | 0 | 3 | |a La vida en corto : |b un montón de cortas historias : Al fin, A cada cerdo le llega su San Martín, Cocó y Nicó, Con lujo de detalle, El quejido, El toro, Iridiscencia masculina, Fin de trayecto / |c Realización de J.M. González... [et al.]. |
| 264 | 2 | |a México : |b Cinema Films [distribución], |c 2010, c2010 | |
| 300 | |a 1 DVD regiones 1 y 4 |c (76 min.) | ||
| 336 | |a imagen móvil bidimensional |b tdi |2 rdacontenido | ||
| 337 | |a video |b v |2 rdamedio | ||
| 338 | |a videodisco |b vd |2 rdasoporte | ||
| 586 | |a Premio Ariel, de la Academia Mexicana de Cine (50°: 2008): Mejor Cortometraje de Ficción (ganador: "Fin de trayecto", ex aequo con "Ver llover") | ||
| 649 | |a XX | ||
| 650 | |a Médicos en el Cine | ||
| 650 | |a Cortometrajes y Mediometrajes Mexicanos | ||
| 650 | |a Dramas Cinematográficos | ||
| 650 | |a Cine Mexicano - |y 2000-2009 | ||
| 650 | |a Cine Mexicano - |y Siglo XXI | ||
| 650 | |a Amor | ||
| 650 | |a Relaciones de Pareja | ||
| 650 | |a Homofobia | ||
| 650 | |a Discriminación | ||
| 650 | |a Violencia | ||
| 650 | |a Homosexualidad | ||
| 650 | |a Servicio Social | ||
| 740 | 0 | |a Al fin / |c Realización de J.M. González. | |
| 740 | 0 | |a A cada cerdo le llega su San Martín / |c Realización de I. Nava Alejo. | |
| 740 | 0 | |a Cocó y Nicó / |c Realización de A. Cantú. | |
| 740 | 0 | |a Con lujo de detalle / |c Realización de H. Falcón Villa. | |
| 740 | 3 | |a El quejido / |c Realización de C. García Campillo. | |
| 740 | 3 | |a El toro / |c Realización de P. Serna Salazar. | |
| 740 | 0 | |a Iridiscencia masculina / |c Realización de J. Zaragoza. | |
| 740 | 0 | |a Fin de trayecto / |c Realización de A. Coen. | |
| 700 | |a González, Juan Manuel |e (realización) | ||
| 700 | |a Nava Alejo, Ismael |e (realización) | ||
| 700 | |a Cantú, Alejandro |e (realización) | ||
| 700 | |a Falcón Villa, Héctor |e (realización) | ||
| 700 | |a García Campillo, Carlos |e (realización) | ||
| 700 | |a Serna Salazar, Patricio |e (realización) | ||
| 700 | |a Zaragoza, Javier |e (realización) | ||
| 700 | |a Coen, Acán |e (realización) | ||
| 700 | |a Alonso, Alejandro |e (actuación) | ||
| 700 | |a Silva, Myrna |e (actuación) | ||
| 700 | |a Lein, Diana |e (actuación) | ||
| 910 | |a Fondo General | ||
| 920 | |a Audiovisuales - DVDs | ||
| 940 | |a Películas | ||
| 905 | |a 302 | ||
| 901 | |a 0500131939 |b IT2 |c DVS |i C131269 |u 20250521 | ||
| 902 | |a https://opac.biblio.iteso.mx/vufind/Record/000326354 | ||